000
00330cam a2200145ua 4500
041
_a
eng
_h
082
_a
616.0252
_b
TOD/FI
100
_a
Todd, K.W .
245
_a
First Aid in Illness /
_c
K.W.Todd.
_h
Textual Documents
260
_a
:
_b
Longman ,
_c
1960.
300
_a
60 ; .
504
_a
942
_c
BK
999
_c
792
_d
792